| 000 | 00814nam a22001937a 4500 | ||
|---|---|---|---|
| 003 | SISC | ||
| 005 | 20160725123317.0 | ||
| 008 | 160725b xxu||||| |||| 00| 0 eng d | ||
| 020 | _a978098028 | ||
| 050 | _aTK 5105.888 Ol52 2008 | ||
| 245 |
_aThe ultimate CSS reference / _cTommy Olsson & Paul O'Brien. |
||
| 250 | _a1st ed. | ||
| 260 |
_aCollingwood, Vic. : _bSitepoint, _cc2008. |
||
| 300 |
_axiv, 420 p. : _bcol. ill. ; _c24 cm. |
||
| 520 | _aA first reference book will be simultaneously released online and in print in order to get publicity, user buy-in, and interaction. A well thought out presentation and organization of the book will ensure that the information is as quick to access, and easy to scan. | ||
| 650 | _aCascading style sheets. | ||
| 700 | _aO'Brien, Paul. | ||
| 942 |
_2lcc _cBK |
||
| 999 |
_c298044 _d298044 |
||